000 01366nam0a22002891 4500
001 rc\3949154
005 20250611033736.0
021 _aRU
_b[56-19052ж]
035 _a(NLR Aleph) 008043406
090 _a8895792
_c8895792
100 _a20130415d1956 |||y0rusy50 ca
101 0 _arus
102 _aRU
105 _aa z |||||
200 1 _aПроцесс химического твердения литейных форм и стержней
_fО-во по распространению полит. и науч. знаний РСФСР. Ленингр. дом научно-техн. пропаганды
210 _aЛенинград
_cБ. и.
_d1956
215 _a13 с.
_cил.
_d21
225 1 _aИнформационно-технический листок
_v№ 115
_iЛитейное производство
_fЛенингр. отд-ние НТО машиностроит. пром-сти. Литейная секция
606 _aСтержни (литейн.)
_xТвердение химическое
_2psbo
606 _aЛитейные формы
_xТвердение химическое
_2psbo
700 1 _aСоколовский
_bЛ.О.
_gЛев Осипович
701 1 _aУрин
_bМ.Н.
_gМарк Наумович
801 0 _aRU
_bNLR
_gpsbo
801 1 _aRU
_bELAR
_2rusmarc
852 _aNLR
_jП10/1438
942 _cBOOK
980 _aNB